000 00625nam a2200253Ia 4500
005 20260121161122.0
008 008 260114s9999 xx 000 0 eng d
020 _a9780203500804
037 _aEBOOK
040 _aCRL
040 _beng
040 _cCRL
041 _2eng
041 _aeng
084 _qCRL
100 _a John Greenwood
_91040435
245 4 _aThe Writings of John Greenwood and Henry Barrow 1591-1593
260 _bTaylor and Francis
260 _c1970
856 _uhttp://www.taylorfrancis.com/books/9780203500804
942 _cEBOOK
999 _c1607251
_d1607251